banner koha

Aroma e sabor no jardim (Registro n. 207843)

MARC details
000 -LÍDER
campo de controle de tamanho fixo 00772nas a2200241 4500
001 - NÚMERO DE CONTROLE
campo de controle BR2010002902
003 - IDENTIFICADOR DO NÚMERO DE CONTROLE
campo de controle BR-BrBNA
005 - DATA E HORÁRIO DA ÚLTIMA TRANSAÇÃO
campo de controle 20231205114242.0
007 - CAMPO FIXO DE DESCRIÇÃO FÍSICA--INFORMAÇÃO GERAL
campo de controle de tamanho fixo ta
008 - CAMPO DE DADOS FIXOS--INFORMAÇÃO GERAL
campo de controle de tamanho fixo 230509b bl.|||p| |||| 00| 00por d
040 ## - FONTE DA CATALOGAÇÃO
Instituição da catalogação original BR-BrBNA
Idioma da catalogação por
Instituição que transcreveu o registro Biblioteca Nacional de Agricultura
041 ## - CÓDIGO DE IDIOMA
Código do idioma do texto/trilha sonora ou título diferente (Pt)
072 ## - CÓDIGO DE CATEGORIA DE ASSUNTO
Código de Categoria de Assunto P01
100 1# - ENTRADA PRINCIPAL--NOME PESSOAL
Nome pessoal Boechat, S. de C.
111 1# - ENTRADA PRINCIPAL--NOME DO EVENTO
Nome do evento ou lugar 5. Simpósio Internacional de Paisagismo
Local do evento Lavras, MG (Brazil)
Data do evento ou assinatura do tratado 18-21 May 2010
245 1# - TÍTULO
Título Aroma e sabor no jardim
650 ## - ASSUNTO--TERMO TÓPICO
Cabeçalho tópico ou nome geográfico PLANTA AROMÁTICA
650 ## - ASSUNTO--TERMO TÓPICO
Cabeçalho tópico ou nome geográfico PLANTA PARA CONDIMENTO
650 ## - ASSUNTO--TERMO TÓPICO
Cabeçalho tópico ou nome geográfico JARDIM
773 0# - ENTRADA ANALÍTICA
Título Revista Brasileira de Horticultura Ornamental (Brazil)
ISSN - International Standard Serial Number ISSN 1809-6093
Partes relacionadas (2010), v. 16(1) p. 57-60
Número de controle do registro BR2010002902
909 ## -
-- 202311
-- Lúcia
-- 55
-- Lúcia Elande
942 ## - ELEMENTOS DE ENTRADA ADICIONADOS (KOHA)
Fonte da classificação ou esquema de arquivamento na estante Classificação AGRIS
Ocultar no OPAC Não
Tipo de material Koha Analítica
Exemplares
Situação do descarte Fonte da classificação ou esquema de arquivamento na estante Situação física Não pode ser emprestado Biblioteca de origem Biblioteca atual Localização na estante Enumeração do periódico / cronologia Total de empréstimos Data de último acesso Número do exemplar Tipo de material Koha Fonte de aquisição
  Classificação AGRIS   Consulta local Biblioteca Nacional de Agricultura - Binagri Biblioteca Nacional de Agricultura - Binagri   (2010), v. 16(1) p. 57-60   29/11/2023 01 Periódicos Portaria Interministerial nº 164/94

BINAGRI

Telefone: (61)3218-2567/2388/3357/2097 - binagri@agro.gov.br

Ministério da Agricultura e Pecuária , Esplanada dos Ministérios, Bloco D, Anexo B, Brasília/DF, CEP: 70.043-900